<?xml version="1.0" encoding="UTF-8"?>
<record
    xmlns:xsi="http://www.w3.org/2001/XMLSchema-instance"
    xsi:schemaLocation="http://www.loc.gov/MARC21/slim http://www.loc.gov/standards/marcxml/schema/MARC21slim.xsd"
    xmlns="http://www.loc.gov/MARC21/slim">

  <leader>00648nam a22001697a 4500</leader>
  <controlfield tag="003">SISC</controlfield>
  <controlfield tag="005">20170615092012.0</controlfield>
  <controlfield tag="008">170615b        xxu||||| |||| 00| 0 eng d</controlfield>
  <datafield tag="020" ind1=" " ind2=" ">
    <subfield code="a">9789719676058</subfield>
  </datafield>
  <datafield tag="050" ind1=" " ind2=" ">
    <subfield code="a">LB 115</subfield>
    <subfield code="b">.M271 2015</subfield>
  </datafield>
  <datafield tag="100" ind1=" " ind2=" ">
    <subfield code="a">Mandap, Arnelia B.</subfield>
  </datafield>
  <datafield tag="245" ind1=" " ind2=" ">
    <subfield code="a">Field study 1 :</subfield>
    <subfield code="b">the learners' development and environment /</subfield>
    <subfield code="c">Chona M. Navarro, Arnelia B. Mandap, Jenelyn T. Pe&#xF1;a, Riza B. Lintag, Myrna C. Santos, Rogelio L. Pacatcatin Jr.</subfield>
  </datafield>
  <datafield tag="260" ind1=" " ind2=" ">
    <subfield code="a">Malabon City :</subfield>
    <subfield code="b">Jimczyville Publications,</subfield>
    <subfield code="c">2015.</subfield>
  </datafield>
  <datafield tag="300" ind1=" " ind2=" ">
    <subfield code="a">viii, 74 pages :</subfield>
    <subfield code="b">illustrations ;</subfield>
    <subfield code="c">24 cm.</subfield>
  </datafield>
  <datafield tag="500" ind1=" " ind2=" ">
    <subfield code="a">Includes bibliographical references.</subfield>
  </datafield>
  <datafield tag="942" ind1=" " ind2=" ">
    <subfield code="2">lcc</subfield>
    <subfield code="c">BK</subfield>
  </datafield>
  <datafield tag="999" ind1=" " ind2=" ">
    <subfield code="c">335228</subfield>
    <subfield code="d">335228</subfield>
  </datafield>
  <datafield tag="952" ind1=" " ind2=" ">
    <subfield code="0">0</subfield>
    <subfield code="1">0</subfield>
    <subfield code="2">lcc</subfield>
    <subfield code="4">0</subfield>
    <subfield code="a">CL</subfield>
    <subfield code="b">CL</subfield>
    <subfield code="c">FIL</subfield>
    <subfield code="d">2017-06-15</subfield>
    <subfield code="e">Library Fund</subfield>
    <subfield code="k">FIL</subfield>
    <subfield code="l">1</subfield>
    <subfield code="m">1</subfield>
    <subfield code="o">LB 115 .M271 2015</subfield>
    <subfield code="p">C20965</subfield>
    <subfield code="r">2022-07-05 00:00:00</subfield>
    <subfield code="s">2021-07-22</subfield>
    <subfield code="w">2017-06-15</subfield>
    <subfield code="y">BK</subfield>
  </datafield>
</record>
